Statystyki dla Quiz o Iraku

Kliknij tutaj aby rozwiązać quiz!

Ogólne statystyki

  • Ten quiz został rozwiązany 1 242 razy
  • Średni wynik to 12 z 21

Statystyki odpowiedzi

WskazówkaOdpowiedź% Poprawnych
Języki urzędoweArabski
94%
Irak stoczył krwawą wojnę z tym państwem w latach 1980-1988Iran
92%
StolicaBagdad
89%
Zatoka, nad którą leży IrakZatoka {Perska}
83%
Dwie główne rzekiTygrys
81%
Dwie główne rzekiEufrat
79%
Starożytna nazwa regionu leżącego pomiędzy tymi dwiema rzekamiMezopotamia
73%
Państwo zaatakowane przez Irak w 1990 rokuKuwejt
69%
Król powyższego miasta; Jego kodeks prawny głosił zasadę "oko za oko"Hammurabi
68%
Te dwa słowa, które można zauważyć na fladze oznaczają "Bóg jest wielki"Allahu Akbar
59%
Samozwańczy kalifat działający w XXI wieku, został już w większości zwalczonyPaństwo Islamskie
58%
Dyktator Iraku, rządzący w latach 1979-2003Saddam Husajn
57%
Starożytna stolica, w której został wybudowany Ziggurat w UrBabilon
50%
Ci obcy najeźdźcy splądrowali stolicę kraju w 1258 r., kończąc złoty wiek islamuMongołowie
48%
Żeglarz z legendy siedmiu mórz, który mieszkał w stolicy IrakuSindbad
39%
Nazwa waluty IrakuDinar
35%
Języki urzędoweKurdyjski
33%
Partia polityczna, do której należałBaas
31%
Ten biblijny patriarcha urodził się w mieście UrAbraham
30%
Najludniejsze miasto w południowym IrakuBasra
23%
Dawne amerykańskie więzienie, w którym aresztowani byli prześladowaniAbu Ghraib
13%

Rozkład punktacji

Percentyl według liczby udzielonych odpowiedzi

Procent ludzi z każdym wynikiem

Twoja historia wyników

Nie rozwiązałeś tego quizu